[Event "Geneva Open A 2013"]
[Site "Geneva SUI"]
[Date "2013.06.24"]
[Round "1.1"]
[White "Bauer, Christian"]
[Black "Bagri, Jaspaul"]
[Result "1-0"]
[WhiteTitle "GM"]
[WhiteElo "2637"]
[BlackElo "2131"]
[WhiteFideId "603767"]
[BlackFideId "1307347"]
[EventDate "2013.06.24"]

1. d4 Nf6 2. c4 e6 3. g3 d5 4. Bg2 Bb4+ 5. Bd2 Be7 6. Nf3 c6 7. Qc2 b6 8. Bf4
O-O 9. O-O Ba6 10. b3 Nbd7 11. Rd1 Rc8 12. Nc3 h6 13. e4 dxc4 14. h3 b5 15. bxc4
bxc4 16. g4 Qa5 17. Bd2 Qa3 18. g5 hxg5 19. Nxg5 e5 20. Bc1 Qa5 21. Ne2 exd4 22.
Nxd4 Ne5 23. Nf5 Bc5 24. Bb2 Qc7 25. Qc3 Rfe8 26. Ba3 Nfd7 27. Rxd7 Bxf2+ 28.
Kxf2 Qxd7 29. Bf1 c5 30. Nf3 Qe6 31. Rd1 Rc6 32. Rd5 f6 33. Nxe5 fxe5 34. Qg3
Rc7 35. Rd6 Qc8 36. Rg6 Qb7 37. Kg1 Bb5 38. Nd6 Qc6 39. Nxe8 Qxe8 40. Rg5 1-0

[Event "Geneva Open A 2013"]
[Site "Geneva SUI"]
[Date "2013.06.24"]
[Round "1.2"]
[White "Stoeri, Laura"]
[Black "Cornette, Matthieu"]
[Result "0-1"]
[WhiteTitle "WFM"]
[BlackTitle "GM"]
[WhiteElo "2111"]
[BlackElo "2578"]
[WhiteFideId "1304313"]
[BlackFideId "620084"]
[EventDate "2013.06.24"]

1. e4 d5 2. exd5 Qxd5 3. Nc3 Qa5 4. d4 Nf6 5. Nf3 c6 6. Bd2 Bf5 7. Bc4 e6 8. Qe2
Bb4 9. a3 Nbd7 10. O-O Bxc3 11. Bxc3 Qc7 12. Ne5 O-O 13. Bb3 Rfe8 14. Rfe1 Rad8
15. Nc4 Bg4 16. f3 Bh5 17. Ba5 b6 18. Bd2 c5 19. c3 Nd5 20. a4 Bg6 21. Qf2 Bd3
22. Na3 c4 23. Bc2 Bxc2 24. Nxc2 e5 25. Qg3 exd4 26. Qxc7 Nxc7 27. cxd4 Ne6 28.
Bc3 Nf6 29. g3 Nd5 30. Na3 Rc8 31. Re5 Red8 32. Rae1 g6 33. Kf2 Ne7 34. Rd1 Nc6
35. Ree1 Ne7 36. Rd2 Rd5 37. Re5 Rc6 38. Bb4 f6 39. Re1 Nf5 40. Nc2 Kf7 41. g4
Nfg7 42. Kg3 Rc7 43. Bc3 f5 44. Nb4 Rdd7 45. h4 a5 46. Nc2 Rd5 47. Kf2 Nf4 48.
Re3 h5 49. Ne1 hxg4 50. fxg4 fxg4 51. Kg3 Nfh5+ 52. Kxg4 Nf5 53. Re5 Nf6+ 54.
Kf3 Nxh4+ 55. Kf4 Rcd7 56. Kg5 Rxe5+ 0-1

[Event "Geneva Open A 2013"]
[Site "Geneva SUI"]
[Date "2013.06.24"]
[Round "1.3"]
[White "Le Roux, Jean-Pierre"]
[Black "Weeramantry, Sunil"]
[Result "1-0"]
[WhiteTitle "GM"]
[BlackTitle "FM"]
[WhiteElo "2576"]
[BlackElo "2111"]
[WhiteFideId "609404"]
[BlackFideId "9900055"]
[EventDate "2013.06.24"]

1. d4 Nf6 2. Nf3 g6 3. c4 Bg7 4. g3 d6 5. Bg2 O-O 6. O-O Nc6 7. Nc3 Bg4 8. Bf4
Nd7 9. Be3 Bxf3 10. exf3 Nb6 11. b3 d5 12. c5 Nc8 13. b4 e5 14. Ne2 N8e7 15.
dxe5 Nxe5 16. f4 Nc4 17. Bd4 c6 18. Bh3 a5 19. a3 axb4 20. axb4 Rxa1 21. Qxa1
Bxd4 22. Nxd4 Qa8 23. Qc3 Qa3 24. Qxa3 Nxa3 25. Re1 Nc8 26. Ra1 Nc4 27. f5 g5
28. f6 h5 29. Bf5 Nd2 30. Ra8 Ne7 31. Bh7+ 1-0

[Event "Geneva Open A 2013"]
[Site "Geneva SUI"]
[Date "2013.06.24"]
[Round "1.4"]
[White "Meylan, Andre"]
[Black "Meijers, Viesturs"]
[Result "1-0"]
[BlackTitle "GM"]
[WhiteElo "2094"]
[BlackElo "2470"]
[WhiteFideId "1301225"]
[BlackFideId "11600314"]
[EventDate "2013.06.24"]

1. e4 c5 2. Nf3 e6 3. d4 cxd4 4. Nxd4 a6 5. c4 d6 6. Nc3 Nd7 7. Be3 Be7 8. Be2
Qc7 9. O-O b6 10. Rc1 Ngf6 11. f4 h5 12. Bf3 Rb8 13. Qe2 g6 14. Kh1 h4 15. b4 h3
16. g3 Bb7 17. f5 gxf5 18. exf5 Ne5 19. fxe6 fxe6 20. Nxe6 Qxc4 21. Qxc4 Bxf3+
22. Rxf3 Nxc4 23. Bg5 Ng8 24. Nd5 Ne5 25. Ng7+ 1-0

[Event "Geneva Open A 2013"]
[Site "Geneva SUI"]
[Date "2013.06.24"]
[Round "1.6"]
[White "De Rosa, Mariagrazia"]
[Black "Cherniaev, Alexander"]
[Result "0-1"]
[WhiteTitle "WFM"]
[BlackTitle "GM"]
[WhiteElo "2077"]
[BlackElo "2447"]
[WhiteFideId "815136"]
[BlackFideId "4117301"]
[EventDate "2013.06.24"]

1. e4 g6 2. d4 Bg7 3. Nc3 c6 4. Nf3 d5 5. h3 Nh6 6. Bf4 f6 7. Qd2 Nf7 8. exd5
cxd5 9. Nb5 e5 10. dxe5 fxe5 11. Bg3 O-O 12. Bh4 Qb6 13. c4 e4 14. Ng5 Bh6 15.
Qxd5 Qa5+ 16. Nc3 Qxd5 17. Nxd5 Bxg5 18. Bxg5 Nxg5 19. Nc7 Na6 20. Nxa8 Be6 21.
c5 Rxa8 22. Bxa6 bxa6 23. O-O Rc8 24. Rfc1 Bd5 25. Rc3 Ne6 26. b4 Nf4 27. Kf1
Bc6 28. a4 Rb8 29. Rc4 Nd3 30. Rd4 Nxb4 31. a5 Nc2 32. Rd6 Bb5+ 0-1

[Event "Geneva Open A 2013"]
[Site "Geneva SUI"]
[Date "2013.06.24"]
[Round "1.7"]
[White "Gerber, Richard"]
[Black "Oussedik, Elias"]
[Result "0-1"]
[WhiteTitle "IM"]
[WhiteElo "2416"]
[BlackElo "2058"]
[WhiteFideId "1300652"]
[BlackFideId "2605341"]
[EventDate "2013.06.24"]

1. d4 e6 2. e4 d5 3. e5 c5 4. c3 Nc6 5. Nf3 Nh6 6. Bd3 cxd4 7. cxd4 Nf5 8. Bxf5
exf5 9. Nc3 Be6 10. Ne2 Be7 11. h4 h6 12. h5 Rc8 13. a3 b5 14. Rh3 f4 15. Rh1
Bf5 16. Bxf4 Na5 17. Nc3 Nc4 18. Qe2 Qa5 19. Kf1 b4 20. Nd1 bxa3 21. bxa3 Nxa3
22. Bc1 Rc2 23. Nd2 O-O 24. Ne3 Qc3 25. Nxf5 Qxa1 26. Nxe7+ Kh8 27. Nb3 Qb1 28.
Qd1 Rb8 29. Rh3 Rxb3 30. Rxb3 Qxb3 31. Bxa3 Rxf2+ 32. Kxf2 Qxd1 33. Bc5 Qb3 34.
g4 a5 35. Nf5 a4 36. Bf8 a3 37. Bxg7+ Kh7 0-1

[Event "Geneva Open A 2013"]
[Site "Geneva SUI"]
[Date "2013.06.24"]
[Round "1.8"]
[White "Kupalov, Igor"]
[Black "Manea, Alexandru"]
[Result "1-0"]
[BlackTitle "IM"]
[WhiteElo "2054"]
[BlackElo "2389"]
[WhiteFideId "1310925"]
[BlackFideId "1207660"]
[EventDate "2013.06.24"]

1. e4 c5 2. Nf3 e6 3. d4 cxd4 4. Nxd4 Nc6 5. Be3 Nf6 6. Nc3 Bb4 7. Bd3 d5 8.
Nxc6 bxc6 9. exd5 cxd5 10. Bd2 O-O 11. O-O Rb8 12. Rb1 Bb7 13. a3 Be7 14. Bf4
Rc8 15. Qe2 h6 16. Nb5 Qb6 17. c3 Ne4 18. Be3 Bc5 19. Bxc5 Nxc5 20. b4 Nxd3 21.
Qxd3 Ba6 22. a4 Rc4 23. Ra1 Bxb5 24. axb5 Qxb5 25. Qe3 Qb6 26. Rxa7 d4 27. Qe2
Rxc3 28. Qa2 Qxb4 29. Ra8 d3 30. Rb1 Qxb1+ 31. Qxb1 Rxa8 1-0

[Event "Geneva Open A 2013"]
[Site "Geneva SUI"]
[Date "2013.06.25"]
[Round "2.2"]
[White "Cornette, Matthieu"]
[Black "Duport, Nicolas"]
[Result "1-0"]
[WhiteTitle "GM"]
[WhiteElo "2578"]
[BlackElo "2229"]
[WhiteFideId "620084"]
[BlackFideId "1314424"]
[EventDate "2013.06.24"]

1. c4 c5 2. g3 Nc6 3. Bg2 g6 4. e3 Bg7 5. Ne2 e5 6. Nbc3 Nge7 7. a3 a5 8. Nb5 d6
9. d4 cxd4 10. exd4 O-O 11. O-O Nf5 12. d5 Ncd4 13. Nexd4 Nxd4 14. Be3 Nxb5 15.
cxb5 f5 16. Qd2 a4 17. Rfc1 f4 18. gxf4 Qh4 19. Rc7 Bh3 20. f3 Rac8 21. Rxc8
Rxc8 22. Bf2 Qh5 23. Rc1 Rf8 24. Rc4 Bh6 25. Qe2 Bxg2 26. Kxg2 Bxf4 27. Bg3 Qg5
28. Rxa4 h5 29. Kf2 h4 30. Bxf4 Rxf4 31. Rxf4 Qxf4 32. Kg2 Kg7 33. Kh3 g5 34. b4
Kf6 35. Qd3 b6 36. a4 Qxb4 37. Qh7 Qf4 38. Qh6+ Kf7 39. Qh7+ Kf6 40. Qh6+ Kf7
41. Qh5+ Kf6 42. a5 Qc4 43. Qh6+ Kf7 44. Qe6+ Kg7 45. a6 Qf1+ 46. Kg4 Qg2+ 47.
Kh5 Qxf3+ 48. Kxg5 Qg2+ 49. Kh5 1-0

[Event "Geneva Open A 2013"]
[Site "Geneva SUI"]
[Date "2013.06.25"]
[Round "2.3"]
[White "Louis, Thibault"]
[Black "Le Roux, Jean-Pierre"]
[Result "0-1"]
[BlackTitle "GM"]
[WhiteElo "2222"]
[BlackElo "2576"]
[WhiteFideId "681369"]
[BlackFideId "609404"]
[EventDate "2013.06.24"]

1. e4 c6 2. d4 d5 3. e5 Bf5 4. h4 h6 5. g4 Bd7 6. h5 Qc8 7. Be2 c5 8. c3 Nc6 9.
Be3 Qc7 10. f4 O-O-O 11. Na3 a6 12. dxc5 f6 13. Nh3 fxe5 14. fxe5 Qxe5 15. Qd2
Nf6 16. Bf4 Qe4 17. Nf2 Qa4 18. Bd1 Qa5 19. Nc2 Qxc5 20. b4 Qb6 21. Be3 Qc7 22.
a4 e5 23. b5 Na5 24. bxa6 bxa6 25. Nb4 d4 26. cxd4 Nc4 27. Nxa6 Qc6 28. Nb4 Bxb4
29. Qxb4 Nd5 30. Qb3 Ndxe3 31. Rb1 Ng2+ 32. Ke2 Nf4+ 33. Ke1 Be6 34. Bf3 Qc7 35.
Qb5 Qa5+ 36. Qxa5 Nxa5 37. Rb5 Nc4 38. Rc5+ Kb8 39. d5 e4 40. Rxc4 Bxd5 41. Rb4+
Ka7 42. Rxe4 Rhe8 43. Kf1 Bxe4 44. Nxe4 Rd3 45. Kf2 Rf8 46. Be2 Ne6+ 47. Ke1 Ra3
48. Rh2 Nd4 49. Nd6 Ra1+ 50. Kd2 Rd8 51. Nf7 Rd7 52. Ne5 Nf3+ 53. Ke3 Nxe5 0-1

[Event "Geneva Open A 2013"]
[Site "Geneva SUI"]
[Date "2013.06.25"]
[Round "2.6"]
[White "Manea, Alexandru"]
[Black "Heinatz, Gundula"]
[Result "1-0"]
[WhiteTitle "IM"]
[BlackTitle "WIM"]
[WhiteElo "2389"]
[BlackElo "2197"]
[WhiteFideId "1207660"]
[BlackFideId "4612434"]
[EventDate "2013.06.24"]

1. c4 Nf6 2. Nc3 e6 3. Nf3 Bb4 4. Qc2 Bxc3 5. Qxc3 O-O 6. g3 b6 7. Bg2 Bb7 8.
O-O d6 9. b3 Nbd7 10. Bb2 Qe7 11. d3 c5 12. e4 a6 13. Nh4 b5 14. f4 Rab8 15.
Rae1 Rfd8 16. h3 Nf8 17. Kh2 Ng6 18. Nf3 Qc7 19. Re2 Bc6 20. Qe1 Nd7 21. Qc3 f6
22. h4 h6 23. Bh3 Ngf8 24. Qe1 a5 25. Bc1 a4 26. g4 axb3 27. axb3 bxc4 28. bxc4
Rb3 29. Qd1 Rdb8 30. g5 hxg5 31. hxg5 Ba4 32. Rg2 R8b7 33. Rfg1 Qc6 34. gxf6
Nxf6 35. Qe2 Rc3 36. Ng5 Qe8 37. e5 N6h7 38. Nxh7 Kxh7 39. Qe4+ 1-0

[Event "Geneva Open A 2013"]
[Site "Geneva SUI"]
[Date "2013.06.25"]
[Round "2.7"]
[White "Botta, Gabriele"]
[Black "Meylan, Andre"]
[Result "1-0"]
[WhiteTitle "FM"]
[WhiteElo "2327"]
[BlackElo "2094"]
[WhiteFideId "1312120"]
[BlackFideId "1301225"]
[EventDate "2013.06.24"]

1. e4 Nf6 2. e5 Nd5 3. d4 d6 4. Nf3 dxe5 5. Nxe5 Nd7 6. Bc4 Nxe5 7. dxe5 c6 8.
O-O Bf5 9. c3 e6 10. Nd2 Qc7 11. Re1 Be7 12. Qf3 O-O 13. Nf1 Rfd8 14. Qg3 a5 15.
Bg5 Bxg5 16. Qxg5 Nb6 17. Ne3 Bg6 18. Rad1 Na4 19. Rxd8+ Rxd8 20. Re2 Nc5 21.
Bb3 h6 22. Qg3 Bd3 23. Re1 Qb6 24. Ng4 Nxb3 25. axb3 Bg6 26. h4 h5 27. Ne3 Rd7
28. Qg5 Qxb3 29. g4 Qxb2 30. gxh5 Qxc3 31. Rf1 Bd3 32. Ng4 Kf8 33. h6 f6 34.
exf6 g6 35. Ne5 Qd4 36. Nxd7+ Qxd7 37. Rd1 e5 38. h7 1-0

[Event "Geneva Open A 2013"]
[Site "Geneva SUI"]
[Date "2013.06.25"]
[Round "2.8"]
[White "Oussedik, Elias"]
[Black "Vuilleumier, Alexandre"]
[Result "0-1"]
[BlackTitle "IM"]
[WhiteElo "2058"]
[BlackElo "2321"]
[WhiteFideId "2605341"]
[BlackFideId "1305662"]
[EventDate "2013.06.24"]

1. d4 Nf6 2. c4 e6 3. Nf3 d5 4. e3 Be7 5. Nbd2 O-O 6. b3 c5 7. Bd3 Nc6 8. Bb2
cxd4 9. exd4 b6 10. O-O Bb7 11. Rc1 Rc8 12. Qe2 Re8 13. Rfd1 Bf8 14. a3 dxc4 15.
bxc4 g6 16. Nf1 Bg7 17. Ne3 Na5 18. Bb1 Nb3 19. Rc3 Bxf3 20. Qxf3 Nxd4 21. Qh3
Nd5 22. cxd5 Ne2+ 23. Kh1 Nxc3 24. dxe6 Nxd1 25. exf7+ Kh8 26. fxe8=Q+ Qxe8 27.
Bxg7+ Kxg7 28. Qh4 Qd8 29. Qf4 Nxe3 30. Qe5+ Qf6 31. Qxe3 Rc7 32. h3 Qc3 33. Qe4
Rf7 34. f3 Qc1+ 35. Kh2 Qf4+ 36. Kg1 Qxe4 37. fxe4 Rd7 38. Kh2 Kf6 39. Kg3 Ke5
40. Kf3 Rd2 41. a4 Kd4 0-1

[Event "Geneva Open A 2013"]
[Site "Geneva SUI"]
[Date "2013.06.26"]
[Round "3.2"]
[White "Le Roux, Jean-Pierre"]
[Black "Manea, Alexandru"]
[Result "1-0"]
[WhiteTitle "GM"]
[BlackTitle "IM"]
[WhiteElo "2576"]
[BlackElo "2389"]
[WhiteFideId "609404"]
[BlackFideId "1207660"]
[EventDate "2013.06.24"]

1. c4 Nf6 2. Nc3 c6 3. e4 d5 4. e5 d4 5. exf6 dxc3 6. fxg7 cxd2+ 7. Bxd2 Bxg7 8.
Qc2 Bg4 9. Bc3 e5 10. Be2 Be6 11. f4 O-O 12. Rd1 Qe7 13. fxe5 Bxc4 14. Bxc4 Qh4+
15. Qf2 Qxc4 16. Ne2 c5 17. O-O Nc6 18. Nf4 Rad8 19. Rxd8 Rxd8 20. Nh5 Bxe5 21.
Bxe5 Nxe5 22. Qf6 Qd4+ 23. Kh1 Ng4 24. Qxf7+ Kh8 1-0

[Event "Geneva Open A 2013"]
[Site "Geneva SUI"]
[Date "2013.06.26"]
[Round "3.6"]
[White "Midoux, Sebastien"]
[Black "Mamedjarova, Turkan"]
[Result "1/2-1/2"]
[BlackTitle "WGM"]
[WhiteElo "2329"]
[BlackElo "2249"]
[WhiteFideId "611140"]
[BlackFideId "13402005"]
[EventDate "2013.06.24"]

1. e4 e5 2. d4 exd4 3. c3 d5 4. exd5 Qxd5 5. cxd4 Qe4+ 6. Be3 Nf6 7. Nc3 Bb4 8.
Nf3 Nd5 9. Qd2 Bxc3 10. bxc3 Bf5 11. Bc4 O-O 12. O-O c6 13. Rac1 Nd7 14. Rfe1
N7b6 15. Bf1 Nxe3 16. Rxe3 Qf4 17. Qb2 Nd5 18. Ree1 Rab8 19. Ne5 h5 20. c4 Nb6
21. g3 Qh6 22. h4 Rfd8 23. Rcd1 Qf6 24. Qa3 Ra8 25. Qf3 Bc2 26. Rd2 Qxf3 27.
Nxf3 Bf5 28. c5 Nd5 29. Ne5 Be6 30. Nc4 Ne7 31. Nd6 Nf5 32. Nxf5 Bxf5 33. Re7 b6
34. Bc4 Bg6 35. cxb6 axb6 36. d5 cxd5 37. Rxd5 Rxd5 38. Bxd5 Rd8 39. Bb3 Kf8 40.
Rb7 Rd6 41. Kf1 Bd3+ 42. Ke1 Rf6 43. f4 g6 44. Bd5 Bb5 45. Kf2 Kg7 46. Bb3 Be8
47. Rb8 Bd7 48. Rd8 Be6 49. Ke3 Bxb3 50. axb3 Rc6 51. Kd4 Kf6 52. Rd7 Ke6 53.
Rb7 f6 54. Ke4 Rd6 55. Rc7 f5+ 56. Ke3 Kd5 57. Kd3 Re6 58. Rc8 Re4 59. Rg8 Re6
60. Rc8 Re4 61. Rg8 Re6 62. Rc8 1/2-1/2

[Event "Geneva Open A 2013"]
[Site "Geneva SUI"]
[Date "2013.06.26"]
[Round "3.7"]
[White "Gurtner, Daniel"]
[Black "Meijers, Viesturs"]
[Result "0-1"]
[BlackTitle "GM"]
[WhiteElo "2131"]
[BlackElo "2470"]
[WhiteFideId "1307975"]
[BlackFideId "11600314"]
[EventDate "2013.06.24"]

1. e4 c5 2. d4 cxd4 3. c3 dxc3 4. Nxc3 Nc6 5. Nf3 a6 6. Bc4 b5 7. Bb3 e6 8. O-O
Nge7 9. a4 b4 10. Nd5 Na5 11. Bg5 Nxb3 12. Qxb3 exd5 13. exd5 d6 14. Nd4 f6 15.
Bf4 Ng6 16. Rfe1+ Kf7 17. Nc6 Qd7 18. Bd2 a5 19. Re6 Be7 20. Rae1 Re8 21. h4 h5
22. Qf3 Bb7 23. Nxe7 Nxe7 24. Qxh5+ Kg8 25. Bf4 g6 26. Qe2 Kf7 27. Rxd6 Qc8 28.
Qd2 Qf5 0-1

[Event "Geneva Open A 2013"]
[Site "Geneva SUI"]
[Date "2013.06.26"]
[Round "4.2"]
[White "Cherniaev, Alexander"]
[Black "Le Roux, Jean-Pierre"]
[Result "1-0"]
[WhiteTitle "GM"]
[BlackTitle "GM"]
[WhiteElo "2447"]
[BlackElo "2576"]
[WhiteFideId "4117301"]
[BlackFideId "609404"]
[EventDate "2013.06.24"]

1. e4 e5 2. Nf3 Nc6 3. Bc4 Bc5 4. b4 Bxb4 5. c3 Be7 6. d4 Na5 7. Nxe5 Nxc4 8.
Nxc4 d5 9. exd5 Qxd5 10. Ne3 Qa5 11. O-O Nf6 12. c4 O-O 13. Bd2 Qa6 14. Nc3 Be6
15. Qb3 Rad8 16. d5 Bc8 17. Rad1 Bc5 18. Na4 Bd6 19. Bb4 Ne4 20. Bxd6 Qxd6 21.
Nc3 Rfe8 22. Rd4 Nxf2 23. Nb5 Qh6 24. Kxf2 a6 25. Nxc7 Qf6+ 26. Ke2 Qxd4 27.
Nxe8 Rxe8 28. h3 Bd7 29. Qd3 Qc5 30. Rf4 b5 31. Qd4 Qxc4+ 32. Qxc4 bxc4 33. Kf3
c3 34. Rc4 Kf8 35. Rxc3 a5 36. Rc7 Bb5 37. Rc5 Rb8 38. Ke4 a4 39. Rc7 g6 40. Kd4
h5 41. d6 a3 42. Nd5 Ba4 43. d7 Bxd7 44. Rxd7 Rb2 45. Ra7 Rxa2 46. Ne3 Rd2+ 47.
Kc3 Rf2 48. Rxa3 f5 49. Kd4 Kg7 50. Ke5 f4 51. Nd5 Rxg2 52. Ra7+ Kh6 53. Kf6 Rd2
54. Ra8 Kh7 55. Nxf4 Rf2 56. Kg5 1-0

[Event "Geneva Open A 2013"]
[Site "Geneva SUI"]
[Date "2013.06.26"]
[Round "4.3"]
[White "Meijers, Viesturs"]
[Black "Bauer, Christian"]
[Result "0-1"]
[WhiteTitle "GM"]
[BlackTitle "GM"]
[WhiteElo "2470"]
[BlackElo "2637"]
[WhiteFideId "11600314"]
[BlackFideId "603767"]
[EventDate "2013.06.24"]

1. Nf3 Nf6 2. g3 d5 3. b3 Bf5 4. Bb2 e6 5. c4 c6 6. Bg2 h6 7. O-O Be7 8. d3 O-O
9. a3 a5 10. Nbd2 Nbd7 11. Qc2 Bh7 12. Ne5 Nxe5 13. Bxe5 Ng4 14. Bb2 Qb6 15. h3
Nf6 16. Rac1 Rfd8 17. Kh2 Qa7 18. f4 Rac8 19. Nf3 c5 20. Rce1 a4 21. bxa4 dxc4
22. Qxc4 Nd5 23. Qb3 c4 24. dxc4 Ne3 25. Rg1 Bc2 26. Bd4 Bxb3 27. Bxa7 Nxg2 28.
Kxg2 Bxc4 29. Bb6 Re8 30. Kf2 Ba6 31. Rc1 Bxa3 32. Rxc8 Rxc8 33. Rd1 Kf8 34.
Rd8+ Rxd8 35. Bxd8 Bc5+ 36. e3 Ke8 37. Ba5 f6 38. Bc3 Kd7 39. g4 Bd3 40. h4 Bc2
41. a5 Bd1 42. g5 Be7 43. gxh6 gxh6 44. h5 Kc6 45. e4 Kc5 46. Bd2 Kc4 47. f5
exf5 48. exf5 Bf8 49. Ke3 Bc5+ 50. Ke4 Bc2+ 51. Kf4 Kd3 52. Bc1 Bd6+ 53. Kg4 Bd1
54. Bf4 Bxf3+ 55. Kxf3 Bxf4 56. Kxf4 Kd4 0-1

[Event "Geneva Open A 2013"]
[Site "Geneva SUI"]
[Date "2013.06.26"]
[Round "4.4"]
[White "Manea, Alexandru"]
[Black "Colmenares, Aurelio"]
[Result "1-0"]
[WhiteTitle "IM"]
[BlackTitle "FM"]
[WhiteElo "2389"]
[BlackElo "2214"]
[WhiteFideId "1207660"]
[BlackFideId "1308629"]
[EventDate "2013.06.24"]

1. e4 e6 2. d3 c5 3. g3 Nc6 4. Bg2 g6 5. h4 h6 6. c3 Bg7 7. Be3 d6 8. h5 g5 9.
f4 gxf4 10. gxf4 Nge7 11. Nd2 b6 12. Ngf3 d5 13. e5 Nf5 14. Bf2 Bf8 15. Nh4 Nxh4
16. Bxh4 Be7 17. Nf3 Bb7 18. Qe2 Rg8 19. O-O-O Bxh4 20. Nxh4 Qc7 21. Rhg1 O-O-O
22. Bh3 Kb8 23. Nf3 b5 24. Kb1 b4 25. cxb4 Nxb4 26. a3 Nc6 27. Rxg8 Rxg8 28. Rc1
Qb6 29. Qf2 Na5 30. Nd2 d4 31. f5 Bd5 32. fxe6 Nb3 33. exf7 Rf8 34. e6 Nxd2+ 35.
Qxd2 Qb3 36. Qf4+ Kb7 37. Rxc5 Qxd3+ 38. Ka1 Qxh3 39. Qc7+ Ka8 40. e7 Qf1+ 41.
Rc1 Be6 1-0

[Event "Geneva Open A 2013"]
[Site "Geneva SUI"]
[Date "2013.06.26"]
[Round "4.6"]
[White "Botta, Gabriele"]
[Black "Heinatz, Gundula"]
[Result "1-0"]
[WhiteTitle "FM"]
[BlackTitle "WIM"]
[WhiteElo "2327"]
[BlackElo "2197"]
[WhiteFideId "1312120"]
[BlackFideId "4612434"]
[EventDate "2013.06.24"]

1. e4 c5 2. Nf3 e6 3. c3 Nf6 4. e5 Nd5 5. d4 cxd4 6. cxd4 d6 7. Bc4 Nc6 8. O-O
Be7 9. Qe2 O-O 10. Re1 Qb6 11. Qe4 Bd7 12. exd6 f5 13. Qe2 Bxd6 14. Nc3 Rae8 15.
Nxd5 exd5 16. Bxd5+ Kh8 17. Qd1 Rxe1+ 18. Nxe1 f4 19. Nf3 Nb4 20. Bb3 Bg4 21.
Bd2 Re8 22. Bc3 Bh5 23. Qd2 a5 24. Re1 Rf8 25. Ne5 Qd8 26. a3 Nc6 27. Bd1 f3 28.
Bxf3 Bxf3 29. Nxf3 Bf4 30. Qd3 h6 31. d5 Ne7 32. Nh4 Kg8 33. Rxe7 Qxe7 34. Ng6
Qd6 35. Nxf8 Kxf8 36. Qf5+ Kg8 37. g3 Bc1 38. Qc8+ Kh7 39. Qxb7 1-0

[Event "Geneva Open A 2013"]
[Site "Geneva SUI"]
[Date "2013.06.26"]
[Round "4.7"]
[White "Bagri, Jaspaul"]
[Black "Vuilleumier, Alexandre"]
[Result "1/2-1/2"]
[BlackTitle "IM"]
[WhiteElo "2131"]
[BlackElo "2321"]
[WhiteFideId "1307347"]
[BlackFideId "1305662"]
[EventDate "2013.06.24"]

1. c4 c5 2. g3 Nc6 3. Bg2 e5 4. Nc3 g6 5. Nf3 Bg7 6. O-O Nge7 7. a3 O-O 8. Rb1
a5 9. Ne1 d6 10. Nc2 Bf5 11. d3 Qd7 12. Ne3 Bh3 13. Ned5 Bxg2 14. Kxg2 Nxd5 15.
Nxd5 Ne7 16. Nxe7+ Qxe7 17. b4 axb4 18. axb4 e4 19. Qb3 b6 20. Kg1 Rfe8 21. Bb2
Bxb2 22. Qxb2 h5 23. h4 e3 24. f4 Qd7 25. f5 Re5 26. bxc5 bxc5 27. fxg6 fxg6 28.
Qb7 Qxb7 29. Rxb7 Re6 30. Rff7 Ra1+ 31. Kg2 Re1 32. Rg7+ Kh8 33. Rgd7 Rxe2+ 34.
Kh3 Re8 35. Rh7+ 1/2-1/2

[Event "Geneva Open A 2013"]
[Site "Geneva SUI"]
[Date "2013.06.26"]
[Round "4.8"]
[White "Mamedjarova, Zeinab"]
[Black "Meylan, Andre"]
[Result "1/2-1/2"]
[WhiteTitle "WGM"]
[WhiteElo "2264"]
[BlackElo "2094"]
[WhiteFideId "13401521"]
[BlackFideId "1301225"]
[EventDate "2013.06.24"]

1. d4 Nf6 2. e3 e6 3. Bd3 b6 4. Nf3 Bb7 5. Nbd2 d5 6. Ne5 Bd6 7. f4 O-O 8. Qf3
c5 9. O-O Nbd7 10. c3 Rc8 11. a4 a6 12. g4 h6 13. Rf2 Qe7 14. Rg2 Nh7 15. Nxd7
Qxd7 16. g5 hxg5 17. Bxh7+ Kxh7 18. Qh3+ Kg8 19. Nf3 f6 20. fxg5 fxg5 21. Nxg5
g6 22. Nxe6 Rf6 23. Ng5 Qxh3 24. Nxh3 cxd4 25. exd4 Re8 26. Bd2 Bc8 27. Ng5 Kg7
28. Rc1 Bd7 29. b3 Bf4 30. Bxf4 Rxf4 31. Rf1 Rxf1+ 32. Kxf1 Bf5 33. Rd2 Re3 1/2-1/2

[Event "Geneva Open A 2013"]
[Site "Geneva SUI"]
[Date "2013.06.27"]
[Round "5.1"]
[White "Cherniaev, Alexander"]
[Black "Cornette, Matthieu"]
[Result "0-1"]
[WhiteTitle "GM"]
[BlackTitle "GM"]
[WhiteElo "2447"]
[BlackElo "2578"]
[WhiteFideId "4117301"]
[BlackFideId "620084"]
[EventDate "2013.06.24"]

1. e4 e6 2. d4 d5 3. e5 c5 4. c3 Nc6 5. Be3 Qb6 6. Qd2 Nh6 7. Nf3 Ng4 8. Bf4
cxd4 9. cxd4 f6 10. h3 fxe5 11. hxg4 exf4 12. Nc3 Bd7 13. Bd3 O-O-O 14. Rc1 Be7
15. a3 Kb8 16. b4 Rdf8 17. Na4 Qd8 18. Nc5 Bxc5 19. Rxc5 e5 20. Rxc6 Bxc6 21.
Nxe5 Qb6 22. Bc2 Qa6 23. Rh3 Ba4 24. Bb1 g5 25. Bf5 h5 26. Bd3 Qe6 27. gxh5 g4
28. Rh4 Be8 29. Rxg4 Rxh5 30. f3 Rxe5+ 31. dxe5 Qxe5+ 32. Kf1 Qa1+ 33. Qe1 Qd4
34. Be2 Bd7 35. Rh4 Re8 36. Qd1 Qe3 37. Qd3 Qc1+ 38. Qd1 Qe3 39. Qd3 Qc1+ 40.
Qd1 Qb2 41. Rxf4 Ba4 42. Rf8 Rxf8 43. Qxa4 Rh8 44. b5 Qc1+ 45. Kf2 Qc5+ 0-1

[Event "Geneva Open A 2013"]
[Site "Geneva SUI"]
[Date "2013.06.27"]
[Round "5.2"]
[White "Bauer, Christian"]
[Black "Manea, Alexandru"]
[Result "1-0"]
[WhiteTitle "GM"]
[BlackTitle "IM"]
[WhiteElo "2637"]
[BlackElo "2389"]
[WhiteFideId "603767"]
[BlackFideId "1207660"]
[EventDate "2013.06.24"]

1. e4 c5 2. Nf3 e6 3. g3 Nc6 4. Bg2 Nf6 5. Qe2 d6 6. O-O Be7 7. c3 Bd7 8. Rd1
Rc8 9. d3 O-O 10. a3 Qc7 11. Nbd2 Rfd8 12. h3 Be8 13. b3 b5 14. Bb2 a5 15. d4
cxd4 16. cxd4 Nb8 17. Ne1 Qb6 18. Rac1 Nc6 19. d5 exd5 20. exd5 Ne5 21. b4 axb4
22. axb4 Kf8 23. Nb3 Rc4 24. Bd4 Qb8 25. Nc2 Bd7 26. f4 Ng6 27. Na5 Rcc8 28. Nc6
Bxc6 29. dxc6 d5 30. Ne3 Ne4 31. Nf5 Bf6 32. Bxe4 1-0

[Event "Geneva Open A 2013"]
[Site "Geneva SUI"]
[Date "2013.06.27"]
[Round "5.5"]
[White "Duport, Nicolas"]
[Black "Mamedjarova, Zeinab"]
[Result "0-1"]
[BlackTitle "WGM"]
[WhiteElo "2229"]
[BlackElo "2264"]
[WhiteFideId "1314424"]
[BlackFideId "13401521"]
[EventDate "2013.06.24"]

1. e4 e5 2. Nf3 d6 3. d4 exd4 4. Nxd4 Nf6 5. Nc3 Be7 6. Bf4 O-O 7. Qd2 c6 8.
O-O-O d5 9. exd5 Nxd5 10. Nxd5 Qxd5 11. Qe3 Bf6 12. Nb3 Bxb2+ 13. Kxb2 Qxd1 14.
Qg3 Bf5 15. Bd3 Qg4 16. Bxf5 Qxf5 17. Re1 Nd7 18. Qe3 Nb6 19. Qg3 Rfe8 0-1